000 02360nam a2200433 a 4500
001 ebr10273751
003 CaPaEBR
006 m u
007 cr cn|||||||||
008 070920s2008 txuab sb s001 0 eng
010 _z 2007038703
015 _aGBA880094
_2bnb
016 7 _z014651775
_2Uk
020 _z9780292717947 (alk. paper)
020 _z0292717946 (alk. paper)
040 _aCaPaEBR
_cCaPaEBR
035 _a(OCoLC)309886285
043 _an-mx---
050 1 4 _aGT4814.A2
_bC47 2008eb
082 0 4 _a394.1/20972
_222
100 1 _aChristie, Maria Elisa.
245 1 0 _aKitchenspace
_h[electronic resource] :
_bwomen, fiestas, and everyday life in central Mexico /
_cMaria Elisa Christie ; foreword by Mary Weismantel.
250 _a1st ed.
260 _aAustin :
_bUniversity of Texas Press,
_c2008.
300 _axxiv, 308 p. :
_bill., map.
490 1 _aJoe R. and Teresa Lozano Long series in Latin American and Latino art and culture
504 _aIncludes bibliographical references (p. [283]-294) and index.
505 0 _aForeword: At the kitchen table / Mary Weismantel -- Preface -- Acknowledgments -- A taste of three places -- Introduction -- Points of departure -- Women of the circle -- Xochimilco: "Short on days to celebrate our fiestas" -- Ocotepec: "Not letting the city eat this town up" -- Tetecala: "Here mangos used to be like gold" -- Kitchenspace narratives -- Women of Tetecala: "You have to be ingenious in the kitchen!" -- Women of Xochimilco: "It is better for the pots to awaken upside down" -- Women of Ocotepec: "We used to have a lot of pigs" -- Food for thought -- Notes -- Glossary -- Bibliography -- Index.
533 _aElectronic reproduction.
_bPalo Alto, Calif. :
_cebrary,
_d2013.
_nAvailable via World Wide Web.
_nAccess may be limited to ebrary affiliated libraries.
650 0 _aFasts and feasts
_zMexico.
650 0 _aKitchens
_zMexico.
650 0 _aSocial networks
_zMexico.
650 0 _aWomen
_zMexico
_xSocial conditions.
651 0 _aMexico
_xSocial life and customs.
655 7 _aElectronic books.
_2local
710 2 _aebrary, Inc.
830 0 _aJoe R. and Teresa Lozano Long series in Latin American and Latino art and culture.
856 4 0 _uhttp://site.ebrary.com/lib/rucke/Doc?id=10273751
_zAn electronic book accessible through the World Wide Web; click to view
999 _c7006
_d7006